[Event "TCh-CHN 2015"]
[Site "China CHN"]
[Date "2015.04.11"]
[Round "2.1"]
[Board "2"]
[White "Ma, Zhonghan"]
[Black "Zhang, Ziji"]
[Result "1-0"]
[WhiteTitle "IM"]
[WhiteElo "2468"]
[BlackElo "2223"]
[WhiteTeam "Qingdao"]
[BlackTeam "Heibei"]
[WhiteFideId "8607206"]
[BlackFideId "8609470"]
[EventDate "2015.04.10"]

1. Nf3 Nf6 2. c4 c6 3. Nc3 d5 4. e3 g6 5. d4 Bg7 6. Be2 O-O 7. O-O a6 8. cxd5
cxd5 9. Ne5 b6 10. Qb3 Bb7 11. Bd2 e6 12. Na4 Nbd7 13. Nxd7 Nxd7 14. Ba5 bxa5
15. Qxb7 Nf6 16. Rac1 Ne4 17. Bd3 Rb8 18. Qxa6 e5 19. Bxe4 dxe4 20. dxe5 Bxe5
21. b3 Qd2 22. Nc5 Rfe8 23. a4 Rbd8 24. Qc4 Qd5 25. Qxd5 Rxd5 26. Nxe4 Bxh2+ 27.
Kxh2 Rxe4 28. Rfd1 Rh5+ 29. Kg3 Rb4 30. Rc3 Kg7 31. Rd4 Rb6 32. Rdc4 Rd5 33. Kf3
Rd2 34. Rf4 Rb7 35. Rd4 Rb2 36. Rd5 R7xb3 37. Rxb3 Rxb3 38. Rxa5 Ra3 39. Ra7 h5
40. a5 Kf6 41. a6 Ra2 42. Ra8 Ke5 43. g3 Kf6 44. e4 Ra3+ 45. Kg2 Ra4 46. a7 Kg7
47. e5 Ra3 48. f4 Ra1 49. Kh2 Ra2+ 50. Kh3 Ra1 51. f5 gxf5 52. Kh4 Rh1+ 53. Kg5
Ra1 54. Kxf5 Ra3 55. Kf4 Kh7 56. Kg5 Rxg3+ 57. Kf6 Rf3+ 58. Ke7 Ra3 59. Kxf7 h4
60. e6 h3 61. Rc8 1-0

[Event "TCh-CHN 2015"]
[Site "China CHN"]
[Date "2015.04.11"]
[Round "2.1"]
[Board "3"]
[White "Mu, Ke"]
[Black "Wan, Yunguo"]
[Result "1-0"]
[BlackTitle "IM"]
[WhiteElo "2392"]
[BlackElo "2477"]
[WhiteTeam "Qingdao"]
[BlackTeam "Heibei"]
[WhiteFideId "8602778"]
[BlackFideId "8603189"]
[EventDate "2015.04.10"]

1. d4 Nf6 2. c4 g6 3. Nc3 Bg7 4. e4 d6 5. Nf3 O-O 6. Be2 e5 7. dxe5 dxe5 8. Qxd8
Rxd8 9. Nd5 Na6 10. Bg5 Rd6 11. Bxf6 Bxf6 12. Nxf6+ Rxf6 13. Nxe5 Re6 14. f4 Kg7
15. Bf3 Nc5 16. O-O-O f6 17. Nd3 Nxe4 18. Rhe1 f5 19. Ne5 g5 20. g3 Re8 21. Bxe4
fxe4 22. Rxe4 gxf4 23. gxf4 Kf6 24. Red4 Be6 25. Nd7+ Kf5 26. Nc5 Bf7 27. Nxb7
Re2 28. Nd8 Bg6 29. R1d2 Re1+ 30. Rd1 Re2 31. Nc6 Rae8 32. Ne5 Rxh2 33. R1d2 Rh4
34. Nxg6 hxg6 35. Rd7 Rc8 36. Rf2 Ke6 37. Rd4 Rg4 38. Kc2 c5 39. Rd5 Kf6 40. b3
Rc7 41. f5 g5 42. Rd6+ Kf7 43. Rh6 Kg7 44. Rfh2 Rg2+ 45. Rxg2 Kxh6 46. Kd3 Re7
47. Rf2 Re8 48. f6 g4 49. f7 Rf8 50. Ke4 Kg6 51. Rf4 Kg5 52. Rf5+ Kg6 53. Kf4 g3
54. Rxc5 1-0

[Event "TCh-CHN 2015"]
[Site "China CHN"]
[Date "2015.04.11"]
[Round "2.1"]
[Board "4"]
[White "Wang, Doudou"]
[Black "Zhou, Guijue"]
[Result "1/2-1/2"]
[WhiteTitle "WIM"]
[BlackTitle "WIM"]
[WhiteElo "2205"]
[BlackElo "2175"]
[WhiteTeam "Heibei"]
[BlackTeam "Qingdao"]
[WhiteFideId "8603197"]
[BlackFideId "8602905"]
[EventDate "2015.04.10"]

1. d4 f5 2. Nc3 Nf6 3. Bg5 d6 4. Bxf6 exf6 5. e3 d5 6. Bd3 c6 7. Qf3 Qd7 8. Nge2
Bd6 9. h4 Na6 10. a3 Nc7 11. Ng3 Bxg3 12. Qxg3 O-O 13. Ne2 Ne8 14. Qf4 Qd6 15.
c4 Qxf4 16. Nxf4 g5 17. hxg5 fxg5 18. Nh3 h6 19. cxd5 cxd5 20. Rc1 Be6 21. Ng1
Kg7 22. Nf3 Nd6 23. Ke2 Rac8 24. Rhd1 f4 25. Rxc8 Bxc8 26. Rc1 fxe3 27. Kxe3 Be6
28. Ne5 Rc8 29. Rxc8 Nxc8 30. f4 Kf6 31. g4 gxf4+ 32. Kxf4 Nb6 33. b3 Nc8 34.
Nf3 Nd6 35. Ne5 Nc8 1/2-1/2

[Event "TCh-CHN 2015"]
[Site "China CHN"]
[Date "2015.04.11"]
[Round "2.2"]
[Board "1"]
[White "Zhao, Yuanhe"]
[Black "Bu, Xiangzhi"]
[Result "0-1"]
[BlackTitle "GM"]
[WhiteElo "2217"]
[BlackElo "2681"]
[WhiteTeam "Chengdu"]
[BlackTeam "Chongqing"]
[WhiteFideId "8609497"]
[BlackFideId "8601445"]
[EventDate "2015.04.10"]

1. d4 Nf6 2. c4 c5 3. d5 e5 4. Nc3 d6 5. e4 Be7 6. g3 O-O 7. Bg2 Ne8 8. Nge2 g6
9. O-O Ng7 10. Bh6 Bg5 11. Bxg5 Qxg5 12. f4 Qe7 13. Qd2 Na6 14. Rae1 Bd7 15. Nc1
f6 16. Rf2 Rae8 17. a3 Qd8 18. Nd3 Qb8 19. Nb5 b6 20. a4 Re7 21. Ref1 Ref7 22.
b3 Ne8 23. h4 Nac7 24. fxe5 dxe5 25. Qh6 Nxb5 26. axb5 Qc7 27. Kh2 Bg4 28. Bh3
Bxh3 29. Kxh3 Nd6 30. Qe3 Qc8+ 31. Kg2 Qg4 32. Re2 Re8 33. Qf3 Qd7 34. Qe3 f5
35. exf5 e4 36. Nf4 Nxf5 37. Qc3 Nd4 38. Re3 Qg4 39. Kh2 h6 40. Qe1 g5 41. Ne6
Rxf1 42. Qxf1 Nf3+ 43. Kg2 Nxh4+ 44. Kh2 Nf5 45. Rc3 e3 46. Qe1 Qf3 47. Rd3 Nxg3
48. d6 Nf1+ 49. Kg1 Qg4+ 50. Kxf1 Rxe6 51. Qa1 e2+ 0-1

[Event "TCh-CHN 2015"]
[Site "China CHN"]
[Date "2015.04.11"]
[Round "2.2"]
[Board "2"]
[White "Liu, Guanchu"]
[Black "Wang, Chen"]
[Result "0-1"]
[WhiteTitle "IM"]
[BlackTitle "IM"]
[WhiteElo "2379"]
[BlackElo "2500"]
[WhiteTeam "Chengdu"]
[BlackTeam "Chongqing"]
[WhiteFideId "8603901"]
[BlackFideId "8601020"]
[EventDate "2015.04.10"]

1. e4 c5 2. Nf3 Nc6 3. d4 cxd4 4. Nxd4 e6 5. Nc3 Qc7 6. Be3 a6 7. Qf3 Nf6 8. Be2
Ba3 9. Nd1 Bb4+ 10. c3 Bd6 11. g4 h5 12. g5 Ng4 13. Bd2 Nge5 14. Qh3 Ng6 15. Ne3
Bf4 16. Nf3 Nce5 17. Ng2 Nxf3+ 18. Qxf3 Bxh2 19. O-O-O h4 20. Rxh2 Qxh2 21. Bf4
Qxg2 22. Qxg2 Nxf4 23. Qf3 e5 24. Qe3 d6 25. Bf3 Ke7 26. Qb6 Rd8 27. c4 Ne6 28.
Bg4 Nxg5 29. Bxc8 Raxc8 30. Qxb7+ Kf8 31. b3 Ne6 32. Kd2 a5 33. Ke3 Rc5 34. Kf3
h3 35. Kg3 Nf4 36. Qb6 Ke7 37. Rxd6 Rxd6 38. Qxc5 Ke6 39. Kh2 Rd2 40. a3 g5 41.
b4 axb4 42. axb4 g4 43. b5 Nd3 44. Qc8+ Ke7 45. Qc7+ Ke6 46. Qb6+ Ke7 47. Qb7+
Kf6 48. Qb6+ Kg7 49. Kg3 Rd1 50. Qd8 Rg1+ 51. Kh4 Nf4 52. Qd6 h2 53. Qxe5+ Kh7
54. Qf5+ Ng6+ 55. Kg5 Kg8 56. b6 h1=Q 57. b7 0-1

[Event "TCh-CHN 2015"]
[Site "China CHN"]
[Date "2015.04.11"]
[Round "2.2"]
[Board "3"]
[White "Xu, Xiangyu CHN"]
[Black "Zhou, Weiqi"]
[Result "0-1"]
[BlackTitle "GM"]
[WhiteElo "2243"]
[BlackElo "2627"]
[WhiteTeam "Chengdu"]
[BlackTeam "Chongqing"]
[WhiteFideId "8608288"]
[BlackFideId "8601674"]
[EventDate "2015.04.10"]

1. e4 e6 2. d4 d5 3. Nd2 Nc6 4. c3 e5 5. dxe5 dxe4 6. Qe2 Nxe5 7. Nxe4 Qe7 8.
Bf4 f5 9. Nc5 Ng6 10. Be3 f4 11. Bd4 b6 12. Ne4 c5 13. Bxc5 bxc5 14. O-O-O Qe6
15. Qb5+ Bd7 16. Qb7 Rd8 17. Bb5 Nf6 18. Nxf6+ gxf6 19. Nf3 Bd6 20. Rhe1 Ne5 21.
Nxe5 fxe5 22. Bxd7+ Qxd7 23. Qf3 O-O 24. Rxe5 Qf7 25. Red5 Be7 26. Rd7 Qe6 27.
Qd5 Qxd5 28. R1xd5 Kf7 29. Kc2 Ke6 30. Rxd8 Rxd8 31. Rh5 Rg8 32. g3 fxg3 33.
hxg3 Rg7 34. Kd3 Rf7 35. Rh2 Kd5 36. Rh5+ Kc6 37. Rh2 Bd6 38. Ke3 a5 39. a4 Kd5
40. Kd2 Re7 41. Rh4 Rb7 42. Kc2 Rf7 43. Rh2 Ke4 44. Rh6 Kd5 45. Rh2 Bf8 46. Rh5+
Kc6 47. f4 h6 48. Kd3 Rf6 49. Ke4 Re6+ 50. Kd3 Rg6 51. Rh3 Rd6+ 52. Ke2 Kd5 53.
Kd3 Kc6+ 54. Ke2 Re6+ 55. Kd3 Re1 56. g4 Rg1 57. Rh4 Rg2 58. g5 hxg5 59. fxg5
Rxb2 60. Rh8 Be7 61. g6 Rg2 62. Ra8 Kd5 63. c4+ Ke5 64. Rxa5 Rxg6 65. Ra7 Rg3+
66. Kc2 Bf6 67. a5 Kd4 68. a6 Kxc4 0-1

[Event "TCh-CHN 2015"]
[Site "China CHN"]
[Date "2015.04.11"]
[Round "2.2"]
[Board "4"]
[White "Tan, Zhongyi"]
[Black "Ren, Xiaoyi"]
[Result "1-0"]
[WhiteTitle "WGM"]
[WhiteElo "2487"]
[BlackElo "2211"]
[WhiteTeam "Chongqing"]
[BlackTeam "Chengdu"]
[WhiteFideId "8603642"]
[BlackFideId "8608709"]
[EventDate "2015.04.10"]

1. d4 Nf6 2. c4 g6 3. Nc3 d5 4. cxd5 Nxd5 5. g3 Bg7 6. Bg2 Nxc3 7. bxc3 c5 8. e3
h5 9. Nf3 Nc6 10. O-O Qa5 11. Qb3 O-O 12. Bb2 Be6 13. c4 Qa6 14. d5 Na5 15. Bxg7
Nxb3 16. axb3 Qd6 17. Bxf8 Bg4 18. Bh6 Bxf3 19. Bxf3 Qf6 20. Bf4 g5 21. Bxh5
gxf4 22. exf4 Kg7 23. Rae1 Rh8 24. Re5 Kf8 25. Rfe1 b6 26. h4 a5 27. Bf3 Qd6 28.
h5 Rh7 29. Kg2 Qd7 30. g4 a4 31. bxa4 f6 32. Re6 Qxa4 33. d6 exd6 34. Bd5 Kg7
35. Rxd6 Qa7 36. Bc6 1-0

[Event "TCh-CHN 2015"]
[Site "China CHN"]
[Date "2015.04.11"]
[Round "2.2"]
[Board "5"]
[White "Huang, Qian"]
[Black "Li, Yunshan"]
[Result "1-0"]
[WhiteTitle "WGM"]
[BlackTitle "WFM"]
[WhiteElo "2473"]
[BlackElo "1916"]
[WhiteTeam "Chongqing"]
[BlackTeam "Chengdu"]
[WhiteFideId "8602689"]
[BlackFideId "8607664"]
[EventDate "2015.04.10"]

1. Nf3 Nf6 2. c4 g6 3. g3 Bg7 4. Bg2 O-O 5. O-O c6 6. d4 d5 7. Qb3 dxc4 8. Qxc4
Bg4 9. Nbd2 Nbd7 10. Re1 Qc7 11. h3 Bxf3 12. Nxf3 e5 13. dxe5 Nxe5 14. Nxe5 Qxe5
15. Qb3 Qe7 16. e4 Rad8 17. Be3 b6 18. a4 c5 19. a5 Qe6 20. Qxe6 fxe6 21. Red1
Nd7 22. axb6 axb6 23. Rd6 Ne5 24. Rxe6 Nc4 25. Bg5 Rde8 26. Rxe8 Rxe8 27. Bf1
Nxb2 28. Ra6 Bd4 29. Rxb6 Nd1 30. Bc4+ Kh8 31. e5 Bxe5 32. Kg2 Bd4 33. Rd6 Rf8
34. Bh6 Re8 35. Bb3 Nc3 36. Bf7 Ra8 37. Rd7 Rc8 38. Bf4 Bg7 39. Bc4 Na4 40. Be6
Re8 41. Bf7 Rc8 42. Ra7 1-0

[Event "TCh-CHN 2015"]
[Site "China CHN"]
[Date "2015.04.11"]
[Round "2.3"]
[Board "5"]
[White "Wang, Jue"]
[Black "Ni, Shiqun"]
[Result "1/2-1/2"]
[WhiteTitle "WGM"]
[BlackTitle "WIM"]
[WhiteElo "2365"]
[BlackElo "2315"]
[WhiteTeam "Beijing"]
[BlackTeam "Tianjing"]
[WhiteFideId "8604070"]
[BlackFideId "8608466"]
[EventDate "2015.04.10"]

1. e4 e5 2. Nf3 Nf6 3. Nxe5 d6 4. Nf3 Nxe4 5. Nc3 Nxc3 6. dxc3 Be7 7. Be3 Nc6 8.
Qd2 Be6 9. O-O-O Qd7 10. Kb1 Bf6 11. h4 O-O-O 12. Nd4 Bxd4 13. cxd4 d5 14. h5 h6
15. f3 Bf5 16. g4 Bh7 17. Bh3 Ne7 18. Bf4 Kb8 19. b3 Qc6 20. Rhe1 Nc8 21. Kb2
Rhe8 22. Bf1 Nd6 23. a4 a6 24. Qc3 Qxc3+ 25. Kxc3 f6 26. Bxd6 cxd6 27. Kd2 Kc7
28. a5 Kd7 29. c4 dxc4 30. bxc4 Rxe1 31. Rxe1 Re8 32. Rxe8 Kxe8 33. Kc3 Kd7 34.
f4 Be4 35. Be2 Kc6 36. Kb4 d5 37. c5 Bc2 38. Kc3 Ba4 39. Bf3 Bb5 40. Kb4 Bc4 41.
Bd1 Bb5 42. Kc3 Bc4 43. Ba4+ Bb5 44. Bd1 Bc4 45. Kb4 Bb5 46. Bf3 Bc4 47. Bd1 Bb5
48. Bf3 Bc4 49. Bd1 Bb5 50. Bf3 Bc4 51. Bd1 Bb5 52. Bf3 Bc4 1/2-1/2

[Event "TCh-CHN 2015"]
[Site "China CHN"]
[Date "2015.04.11"]
[Round "2.4"]
[Board "2"]
[White "Zeng, Chongsheng"]
[Black "Lou, Yiping"]
[Result "0-1"]
[WhiteTitle "GM"]
[BlackTitle "IM"]
[WhiteElo "2541"]
[BlackElo "2453"]
[WhiteTeam "Guangdong"]
[BlackTeam "Shanghai"]
[WhiteFideId "8603847"]
[BlackFideId "8603928"]
[EventDate "2015.04.10"]

1. d4 Nf6 2. Nf3 g6 3. Bg5 Bg7 4. Nbd2 d5 5. e3 O-O 6. Bd3 c5 7. c3 Qb6 8. Rb1
Nc6 9. O-O Re8 10. b4 cxb4 11. cxb4 Bf5 12. Ne1 Ne4 13. Nxe4 Bxe4 14. Qc2 Bxd3
15. Nxd3 f6 16. Bh4 e6 17. Rfc1 Ne7 18. Qc7 Nf5 19. Bg3 Qb5 20. Nc5 Re7 21. Qa5
Qe8 22. Nd3 h5 23. b5 h4 24. Bc7 Rc8 25. Bf4 b6 26. Qa6 Rc4 27. Nb2 Rxc1+ 28.
Rxc1 Kh7 29. Rc8 Qf7 30. Bb8 e5 31. dxe5 fxe5 32. Qa4 e4 33. Qb3 h3 34. gxh3 Nh4
35. Bg3 Nf3+ 36. Kg2 Qf5 37. Rc1 Ng5 38. Kf1 d4 39. Nc4 Qxh3+ 40. Kg1 Nf3+ 41.
Kh1 d3 42. Qb4 Rf7 43. Nd6 Nxh2 0-1

[Event "TCh-CHN 2015"]
[Site "China CHN"]
[Date "2015.04.11"]
[Round "2.4"]
[Board "3"]
[White "Zhu, Yi"]
[Black "Xu, Yi"]
[Result "0-1"]
[WhiteTitle "FM"]
[BlackTitle "FM"]
[WhiteElo "2288"]
[BlackElo "2356"]
[WhiteTeam "Guangdong"]
[BlackTeam "Shanghai"]
[WhiteFideId "8607435"]
[BlackFideId "8605564"]
[EventDate "2015.04.10"]

1. d4 Nf6 2. c4 e6 3. Nc3 Bb4 4. e3 b6 5. Bd3 Bb7 6. Nf3 Ne4 7. Qc2 f5 8. O-O
Nxc3 9. bxc3 Bxf3 10. gxf3 Bd6 11. f4 Qh4 12. f3 h6 13. Qf2 Qh5 14. e4 O-O 15.
Kh1 Nc6 16. Qg2 Kh8 17. Be3 Na5 18. Rg1 Rg8 19. Raf1 Raf8 20. e5 Be7 21. Qd2 Bh4
22. Be2 g5 23. fxg5 hxg5 24. Rg2 Rg7 25. Rfg1 Rfg8 26. d5 Nb7 27. Qd1 Nc5 28.
Bf1 Ne4 29. Qe2 f4 30. Bxf4 Nf2+ 31. Rxf2 Bxf2 32. Rxg5 Rxg5 33. Bxg5 Rxg5 34.
Qxf2 Rxe5 35. f4 Rf5 36. dxe6 dxe6 37. Be2 Qh6 38. Qd4+ Qf6 39. Qe3 Rxf4 40. Bd3
Rf3 41. Qe2 Kg7 42. Kg2 Rf4 43. h3 Qxc3 44. Qe3 Qb2+ 45. Kg3 e5 46. c5 Qd4 0-1

[Event "TCh-CHN 2015"]
[Site "China CHN"]
[Date "2015.04.11"]
[Round "2.4"]
[Board "4"]
[White "Zhang, Xiaowen"]
[Black "Liu, Manli CHN"]
[Result "1-0"]
[WhiteTitle "WGM"]
[WhiteElo "2349"]
[BlackElo "2033"]
[WhiteTeam "Shanghai"]
[BlackTeam "Guangdong"]
[WhiteFideId "8603219"]
[BlackFideId "8608121"]
[EventDate "2015.04.10"]

1. e4 c5 2. Nf3 Nc6 3. d4 cxd4 4. Nxd4 g6 5. c4 Nf6 6. Nc3 Nxd4 7. Qxd4 d6 8.
Be3 Bg7 9. f3 O-O 10. Qd2 Be6 11. Rc1 Qa5 12. Nd5 Qxd2+ 13. Kxd2 Bxd5 14. cxd5
Rfc8 15. Rxc8+ Rxc8 16. g3 Rc7 17. Bh3 Nd7 18. Rc1 Rxc1 19. Kxc1 Ne5 20. Bxa7
Nxf3 21. a4 Nd4 22. b4 f5 23. exf5 Nxf5 24. Bxf5 gxf5 25. b5 Kf7 26. a5 Ke8 27.
a6 bxa6 28. bxa6 Kd7 29. Bb6 Kc8 30. Kd2 Be5 31. Kd3 h5 32. Kc4 Kb8 33. Kb5 Bf6
34. Kc6 h4 35. gxh4 Bxh4 36. Be3 Bf6 37. Kd7 f4 38. Bxf4 Ka7 39. Ke6 Bh4 40. Bh6 1-0

[Event "TCh-CHN 2015"]
[Site "China CHN"]
[Date "2015.04.11"]
[Round "2.5"]
[Board "2"]
[White "Lin, Chen"]
[Black "Liu, Qingnan"]
[Result "0-1"]
[WhiteTitle "IM"]
[BlackTitle "IM"]
[WhiteElo "2448"]
[BlackElo "2510"]
[WhiteTeam "Jiangsu"]
[BlackTeam "Shandong"]
[WhiteFideId "8602298"]
[BlackFideId "8603294"]
[EventDate "2015.04.10"]

1. e4 c5 2. Nf3 d6 3. d4 cxd4 4. Nxd4 Nf6 5. Nf3 Qc7 6. Bd2 Qc5 7. Nc3 g6 8. Be3
Qa5 9. Qd2 a6 10. O-O-O Bg4 11. Bc4 Nbd7 12. Bb3 Nc5 13. Bxc5 Qxc5 14. e5 Bxf3
15. gxf3 Qxe5 16. Rhe1 Qc5 17. Qxd6 Qxd6 18. Rxd6 e6 19. Rd3 Rd8 20. Ne4 Rxd3
21. cxd3 Ke7 22. Nc5 Bh6+ 23. Kb1 Rc8 24. d4 Bd2 25. Re2 Bf4 26. a3 Nd7 27. Nxb7
Rb8 28. Na5 Rb5 29. Nc6+ Kd6 30. Nb4 a5 31. Ba4 Rg5 32. Nd3 Bxh2 33. Rc2 Rd5 34.
Rc4 Ke7 35. Bc6 Rd6 36. Bxd7 Rxd7 37. b4 axb4 38. axb4 h5 39. Kc2 Bd6 40. Nc5
Ra7 41. Kb3 Ra1 42. Ne4 Bf4 43. Rc8 h4 44. Rh8 Rh1 45. Kc4 g5 46. Kb5 Rh3 47.
Kc6 Rxf3 48. b5 h3 49. b6 h2 50. b7 g4 51. d5 exd5 52. Ng3 Rxf2 53. Nf5+ Kf6 54.
Ne3 Kg7 55. Rh4 g3 56. Rxf4 Rxf4 57. b8=Q Rf6+ 58. Kd7 h1=Q 59. Qxg3+ Kh7 60.
Ke7 Rf3 61. Qg5 Rxe3+ 0-1

[Event "TCh-CHN 2015"]
[Site "China CHN"]
[Date "2015.04.11"]
[Round "2.5"]
[Board "3"]
[White "Yu, Ruiyuan"]
[Black "Wen, Yang"]
[Result "0-1"]
[WhiteTitle "GM"]
[BlackTitle "GM"]
[WhiteElo "2571"]
[BlackElo "2573"]
[WhiteTeam "Jiangsu"]
[BlackTeam "Shandong"]
[WhiteFideId "8603090"]
[BlackFideId "8602956"]
[EventDate "2015.04.10"]

1. e4 e5 2. Nf3 Nc6 3. d4 exd4 4. Nxd4 Nf6 5. Nxc6 bxc6 6. e5 Qe7 7. Qe2 Nd5 8.
c4 Nb6 9. Nc3 Bb7 10. Bd2 g6 11. O-O-O Bg7 12. h4 Ba6 13. Qe4 O-O 14. c5 Bxf1
15. cxb6 Ba6 16. bxc7 Rac8 17. Bg5 Qxe5 18. Qxe5 Bxe5 19. Rxd7 Rxc7 20. Rxc7
Bxc7 21. Re1 Bb6 22. Ne4 Ra8 23. Nf6+ Kg7 24. Ne8+ Kg8 25. Re7 Bc4 26. b3 Bd5
27. f3 Kf8 28. Nc7 Rc8 29. Na6 h6 30. Bf6 Bd8 0-1

[Event "TCh-CHN 2015"]
[Site "China CHN"]
[Date "2015.04.11"]
[Round "2.5"]
[Board "5"]
[White "Xu, Huahua"]
[Black "Guo, Qi"]
[Result "1-0"]
[WhiteTitle "WIM"]
[BlackTitle "IM"]
[WhiteElo "2105"]
[BlackElo "2443"]
[WhiteTeam "Shandong"]
[BlackTeam "Jiangsu"]
[WhiteFideId "8604096"]
[BlackFideId "8604002"]
[EventDate "2015.04.10"]

1. e4 c6 2. Nf3 d5 3. Nc3 Nf6 4. e5 Ne4 5. Ne2 Qb6 6. d4 c5 7. dxc5 Qxc5 8. Ned4
Nc6 9. c3 Qb6 10. Be2 Bg4 11. O-O e6 12. Be3 Qc7 13. Nb5 Qd7 14. c4 Bxf3 15.
gxf3 Nc5 16. cxd5 Nxe5 17. f4 a6 18. Nc3 Ng6 19. b4 exd5 20. bxc5 Rd8 21. Qd4
Be7 22. Rad1 Bf6 23. Qb4 Qf5 24. Qb1 Qxb1 25. Nxb1 d4 26. Bc1 Rc8 27. Bf3 Rxc5
28. Bxb7 Kd7 29. Bxa6 Ra8 30. Bd3 Rxa2 31. Ba3 Ra5 32. Bb4 Rh5 33. Bxg6 hxg6 34.
Rd3 Rb2 35. Bd2 Rhb5 36. Na3 R5b3 37. Rxb3 Rxb3 38. Nc4 Ke6 39. Re1+ Kd5 40. Ne5
Rb7 41. Nf3 Kc4 42. Kg2 Kd3 43. Ba5 Ra7 44. Rd1+ Ke4 45. Bb6 Rd7 46. Kg3 d3 47.
Be3 Bc3 48. Rc1 d2 49. Rd1 1-0

[Event "TCh-CHN 2015"]
[Site "China CHN"]
[Date "2015.04.11"]
[Round "2.6"]
[Board "1"]
[White "Matlakov, Maxim"]
[Black "Gao, Rui"]
[Result "1-0"]
[WhiteTitle "GM"]
[BlackTitle "GM"]
[WhiteElo "2693"]
[BlackElo "2533"]
[WhiteTeam "Zhejiang"]
[BlackTeam "Hangzhou"]
[WhiteFideId "4168003"]
[BlackFideId "8602387"]
[EventDate "2015.04.10"]

1. d4 Nf6 2. c4 g6 3. Nc3 d5 4. cxd5 Nxd5 5. e4 Nxc3 6. bxc3 Bg7 7. Nf3 c5 8.
Be3 Bg4 9. Rc1 O-O 10. Be2 Qa5 11. O-O Qxa2 12. Ra1 Qe6 13. h3 Bxf3 14. Bxf3 Rd8
15. Qb1 Qd7 16. Rc1 e6 17. d5 Qc7 18. dxe6 fxe6 19. Bg4 Re8 20. f4 Nd7 21. e5
Bh6 22. Qe4 a5 23. Rd1 c4 24. Rab1 Rab8 25. Ba7 Ra8 26. Rxb7 Nc5 27. Bxc5 Qxc5+
28. Kh1 Ra7 29. Rxa7 Qxa7 30. Qc6 Qe7 31. Rd6 Rb8 32. g3 Kh8 33. Bxe6 Qa7 34.
Rd4 Bg7 35. Qxc4 h6 36. Kg2 Qb7+ 37. Qd5 Qb2+ 38. Rd2 Qxc3 39. Bf7 Bf8 40. h4 a4
41. Bxg6 Rb3 42. Rd3 Rb2+ 43. Kh3 Qc1 44. Qf7 Qc8+ 45. Rd7 1-0

[Event "TCh-CHN 2015"]
[Site "China CHN"]
[Date "2015.04.11"]
[Round "2.6"]
[Board "2"]
[White "Lan, Zilun"]
[Black "Lysyj, Igor"]
[Result "0-1"]
[BlackTitle "GM"]
[WhiteElo "2180"]
[BlackElo "2691"]
[WhiteTeam "Zhejiang"]
[BlackTeam "Hangzhou"]
[WhiteFideId "8604193"]
[BlackFideId "4150120"]
[EventDate "2015.04.10"]

1. d4 e6 2. c4 Nf6 3. Nf3 b6 4. g3 Bb4+ 5. Bd2 c5 6. Bg2 Bb7 7. O-O O-O 8. Qa4
Bxd2 9. Nbxd2 Qc7 10. Rfd1 d6 11. Rac1 Nbd7 12. Qc2 Rac8 13. dxc5 Nxc5 14. Nb3
Nce4 15. Nfd2 Nxd2 16. Qxd2 Bxg2 17. Kxg2 Rfd8 18. Kg1 Qb7 19. Qf4 Qa6 20. a3 e5
21. Qe3 Rxc4 22. Qxe5 Re4 23. Qc3 Rxe2 24. Nd4 Ree8 25. Nf5 Qb5 26. Qf3 d5 27.
Qf4 Qxb2 28. Rc7 Rd7 29. Rxd7 Nxd7 30. Nh6+ gxh6 31. Qg4+ Kf8 32. Qxd7 Qxa3 33.
Qxd5 Qb4 34. Rd4 Qe1+ 35. Kg2 Qe5 36. Qd7 Qe7 37. Qc6 Qe6 38. Qc7 Qe5 39. Qd7 h5
40. Rf4 Re7 41. Qd8+ Kg7 42. f3 h6 43. Kh3 Qe6+ 44. Kh4 Rd7 45. Qb8 Rd2 46. h3
Qe7+ 0-1

[Event "TCh-CHN 2015"]
[Site "China CHN"]
[Date "2015.04.11"]
[Round "2.6"]
[Board "3"]
[White "Lu, Shanglei"]
[Black "Bai, Jinshi"]
[Result "0-1"]
[WhiteTitle "GM"]
[BlackTitle "IM"]
[WhiteElo "2570"]
[BlackElo "2518"]
[WhiteTeam "Zhejiang"]
[BlackTeam "Hangzhou"]
[WhiteFideId "8603332"]
[BlackFideId "8602280"]
[EventDate "2015.04.10"]

1. e4 c5 2. Nf3 e6 3. g3 Nc6 4. Bg2 Nf6 5. Qe2 e5 6. O-O Be7 7. c3 O-O 8. d4
cxd4 9. cxd4 d5 10. exd5 Nxd4 11. Nxd4 exd4 12. Qc4 Qb6 13. Re1 Bb4 14. Bd2 Bxd2
15. Nxd2 Bf5 16. Nb3 d3 17. Nc5 d2 18. Red1 Qxb2 19. Qf4 Rac8 20. Nb3 Bg4 21. f3
Nxd5 22. Qd4 Qxd4+ 23. Nxd4 Bd7 24. Kf2 Nc3 25. Rxd2 Rfd8 26. f4 Bc6 27. Bxc6
Rxc6 28. Re1 Rcd6 29. Rc2 Rxd4 30. Rxc3 g6 31. Re2 R8d7 32. Ke3 Kg7 33. Rec2 Ra4
34. h4 h5 35. Ke2 Rad4 36. Rc7 Rxc7 37. Rxc7 Rb4 38. Kf3 Rb2 39. a4 Rb3+ 40. Kf2
Kf6 41. a5 a6 42. Kg2 Ke6 43. Kf2 f6 44. Kg2 Kf5 45. Kh3 Rb5 46. Rg7 Rb1 47. Re7
b6 48. Rb7 Rh1+ 49. Kg2 Ra1 50. axb6 Kg4 51. Rf7 Ra2+ 52. Kf1 f5 53. Ra7 Kf3 54.
Ke1 a5 55. b7 Rb2 56. Rxa5 Rxb7 57. Ra6 Rg7 58. Ra3+ Kg2 59. Re3 Rg8 60. Ke2 Rg7
61. Ke1 Rg8 62. Ke2 Ra8 63. Re6 Ra2+ 64. Ke1 Kxg3 65. Rxg6+ Kxf4 66. Rg5 Ke3 67.
Rg3+ Ke4 68. Rg5 f4 69. Rxh5 Kf3 70. Rg5 Ra1+ 71. Kd2 Rh1 72. h5 Kf2 73. Kd3 f3
74. Kd4 Rh4+ 75. Kd5 Ke2 76. Re5+ Kf1 77. Ke6 f2 78. Kf7 Rf4+ 79. Kg6 Kg1 0-1

[Event "TCh-CHN 2015"]
[Site "China CHN"]
[Date "2015.04.11"]
[Round "2.6"]
[Board "4"]
[White "Lei, Tingjie"]
[Black "Ding, Yixin"]
[Result "1-0"]
[WhiteTitle "WGM"]
[BlackTitle "WGM"]
[WhiteElo "2444"]
[BlackElo "2434"]
[WhiteTeam "Hangzhou"]
[BlackTeam "Zhejiang"]
[WhiteFideId "8605114"]
[BlackFideId "8602972"]
[EventDate "2015.04.10"]

1. d4 Nf6 2. c4 e6 3. g3 Bb4+ 4. Bd2 Bxd2+ 5. Qxd2 d5 6. Bg2 O-O 7. Nf3 c6 8.
O-O Nbd7 9. Rc1 b6 10. Ne5 Nxe5 11. dxe5 Nd7 12. cxd5 cxd5 13. f4 Bb7 14. Na3 a6
15. Nc2 Qe7 16. Nd4 Rfc8 17. Bf3 Nf8 18. Kg2 Rc5 19. Qb4 Qc7 20. Nb3 Rc4 21.
Rxc4 dxc4 22. Nd2 b5 23. a4 Rb8 24. axb5 axb5 25. Kh3 Bxf3 26. exf3 f5 27. exf6
gxf6 28. Ne4 f5 29. Qd6 Qxd6 30. Nxd6 Rb6 31. Nc8 Rb7 32. Nd6 Rb6 33. Rd1 Kg7
34. g4 Kf6 35. g5+ Kg7 36. Kg3 Rb8 37. Ra1 Ng6 38. Ra5 Rd8 39. Nxb5 1-0

[Event "TCh-CHN 2015"]
[Site "China CHN"]
[Date "2015.04.11"]
[Round "2.6"]
[Board "5"]
[White "Gu, Tianlu"]
[Black "Zhu, Jiner"]
[Result "1-0"]
[WhiteTitle "WIM"]
[WhiteElo "2182"]
[BlackElo "1989"]
[WhiteTeam "Hangzhou"]
[BlackTeam "Zhejiang"]
[WhiteFideId "8603995"]
[BlackFideId "8608059"]
[EventDate "2015.04.10"]

1. e4 c5 2. Nf3 d6 3. d4 Nf6 4. Nc3 cxd4 5. Nxd4 a6 6. h3 e6 7. g4 Be7 8. Bg2
O-O 9. g5 Nfd7 10. h4 b5 11. Nce2 Bb7 12. Ng3 Nc6 13. c3 Nb6 14. f4 Re8 15. O-O
Bf8 16. h5 g6 17. f5 Nxd4 18. Qxd4 exf5 19. exf5 Bxg2 20. Kxg2 Qc7 21. hxg6 fxg6
22. f6 Qc6+ 23. Kh2 Ra7 24. Be3 Rb8 25. f7+ Rxf7 26. Rxf7 Kxf7 27. Qf6+ Kg8 28.
Bd4 Qb7 29. Qh8+ Kf7 30. Rf1+ Ke7 31. Qxh7+ Ke8 32. Qxg6+ Kd7 33. Rxf8 Rxf8 34.
Qg7+ Kc6 35. Qxf8 Qh7+ 36. Kg2 Qc2+ 37. Qf2 Qg6 38. Bxb6 1-0